banner koha

Páginas da Hitória da Brasil : (Registro n. 341263)

MARC details
000 -LÍDER
Campo de controle fixo 01542nam a22003257a 4500
001 - NÚMERO DE CONTROLE
Número de controle BR2026000891
003 - CÓDIGO MARC DA AGÊNCIA CATALOGADORA
Campo de controle BR-BrBNA
005 - DATA E HORA DA ÚLTIMA ATUALIZAÇÃO
Campo de controle 20260407122442.0
008 - CAMPO DE TAMANHO FIXO
Campo fixo de controle 260407b bl.||||| |||| 00| 0 por d
040 ## - FONTE DA CATALOGAÇÃO
Agência catalogadora BR-BrBNA
Idioma da catalogação por
041 ## - CÓDIGO DO IDIOMA
Código do Idioma por
072 ## - CATEGORIA AGRIS
Código da categoria de assunto/objeto <a href="B50">B50</a>
090 ## - NÚMERO DE CHAMADA
Localização na estante B50
Código BR BR2026000891
100 0# - ENTRADA PRINCIPAL - NOME PESSOAL
Código de relação aut.
Nome pessoal Serafim Leite,
245 ## - TÍTULO PRINCIPAL
Título principal Páginas da Hitória da Brasil :
Indicação de responsabilidade Serafim Leite.
250 ## - EDIÇÃO
Edição 93. ed.
260 ## - IMPRENTA (PUBLICAÇÃO, DISTRIBUIÇÃO, ETC.)
Lugar de publicação, distribuição, etc. São Paulo, SP (Brasil) :
Nome do editor, distribuidor, etc. ₢ompanhia Editora Nacional,
Data de publicação, distribuição, etc 1937.
300 ## - DESCRIÇÃO FÍSICA
Extensão 260p.
490 ## - INDICAÇÃO DE SÉRIE
Título da série Coleção Brasiliana,
Número do volume ou designação sequencial da série v.93.
500 ## - NOTA GERAL
Notas gerais Texto em ortografia antiga.
500 ## - NOTA GERAL
Notas gerais Obras de caráter histórico sobre Brasil colônia.
520 ## - NOTA DE RESUMO, ETC
Nota de conteúdo Obra de Serafim Leite que reúne estudos e narrativas sobre episódios da formação histórica do Brasil, destacando especialmente a atuação dos jesuítas no período colonial. Em Páginas de História do Brasil, o autor aborda aspectos religiosos, educacionais e culturais, evidenciando o papel da Companhia de Jesus na organização social e na catequese indígena. A obra apresenta reflexões baseadas em documentação histórica, contribuindo para a compreensão do processo de colonização brasileira.
546 ## - NOTA DE IDIOMA
Nota de idioma Texto em portugues com ortografia anatiga.
650 ## - ASSUNTO - THESAGRO
Cabeçalho tópico ou nome geográfico COLONIZACAO
650 ## - ASSUNTO - THESAGRO
Cabeçalho tópico ou nome geográfico PROJETO DE COLONIZACAO
650 ## - ASSUNTO - THESAGRO
Cabeçalho tópico ou nome geográfico HISTORIA
856 ## - ACESSO E ENDEREÇO ELETRÔNICO
Material especificado Disponivel na biblioteca nacional do MAPA,
Identificador uniforme de recurso - URI https://bdor.sibi.ufrj.br/bitstream/doc/175/1/93%20PDF%20-%20OCR%20-%20RED.pdf
909 ## - IDENTIFICAÇÃO DO CATALOGADOR
Ano e mês da catalogação (aaaamm) 202604
Identificação do catalogador Nonato
942 ## - TIPO ESPECÍFICO
Tipo de material Livros
952 ## - LOCATION AND ITEM INFORMATION (KOHA)
-- 2026-04-07
Exemplares
Status de empréstimo Fonte de classificação Status de danificação Não pode ser emprestado Código da coleção Localização permanente Localização atual Localização na estante Total Checkouts Número de chamada Código de barras Tipo de material
  Classificação AGRIS     Obras Raras Biblioteca Nacional de Agricultura - Binagri Biblioteca Nacional de Agricultura - Binagri Agrobase - Obras Raras   B50 BR2026000891 OBR 2026-1517 Livros

BINAGRI

Telefone: (61)3218-2567/2388/3357/2097 - binagri@agro.gov.br

Ministério da Agricultura e Pecuária , Esplanada dos Ministérios, Bloco D, Anexo B, Brasília/DF, CEP: 70.043-900